Quiz Beaucouzé 49070 - Statistiques

Statistiques générales
  • Ce quiz a été pris 8 fois
  • Le résultat moyen est 18 sur 27
Statistiques - réponses
Hint Réponse % Correct
Combien y'a-t-il d'écoles ? 4
100%
Quel est le nom de l'endroit ou se retrouve les fans de sports, d'alcool et de paris sportifs ? Le 1000
100%
Quel est le numéro du bus qui traverse la ville ? 2
80%
Et son ancien numéro ? 4
80%
Combien y'a-t-il d'habitants (à 200 près) 5 700
80%
Quel est le nom de la piscine ? Couzé'o
80%
Quel est le nom du complexe sportif situé à côté du super U ? Jacques Aubineau
80%
Quel est le nom de la guinguette éphémère active en été ? La Couzette
80%
Quel était le nom des locaux des célèbres youtubeurs français ? (Amixem, Joyca, Mastu etc) La Redbox
80%
Quel est le nom du centre commercial construit en 2012 ? L'atoll
80%
Quel est le nom de la course qui a lieu tous les ans au mois de septembre - octobre ? Les foulées d'automne
80%
Quel est le nom du kebab en face de La Poste ? Le Time's
80%
Quel youtubeur français a déjà filmé des extraits de vidéos dans la ville ? Mastu
80%
Quel est le nom de la boulangerie situé à côté de l'auto-école ? Pain Passion
80%
De quelle couleur est le toboggan extérieur ? Rouge
80%
Et celui intérieur ? Rouge
80%
Quel animal est représenté sur le logo du club de handball de la ville ? un loup
80%
Quel est le nom du maire actuel ? Yves Colliot
80%
Comment s'appelle le lieu situé à côté de la MCL qui couvre régulièrement des expositions ? La Grange Dimière
60%
A côté de quel restaurant gastronomique Jardiland est-il situé ? L'Hoirie
60%
Quel est le nom du complexe sportif inauguré en 2019 ? Sport'Co
60%
Quel est le nom de la médiathèque ? Anita Conti
40%
Quel est le nom de l'enseigne qui a remplacé Léon de Bruxelles ? La Bringu'ette à Chouchou
40%
Comment s'appelle le quartier qui entoure l'école Maurice Ravel ? La Grange aux Belles
40%
Quel est le nom de l'école construite la plus récemment ? Emilie Oberkampf
20%
Quelle est la signification de la MCL ? Maison de la Culture et des Loisirs
20%
Avec quelle ville allemande beaucouzé est-elle jumellée ? Selb
20%
Aucun quiz correspondant
Distribution des résultats
% des personnes avec chaque résultat
Percentile par nombre de réponses
Votre historique - résultats
Vous n’avez pas pris ce quiz